000 00441 a2200145 4500
999 _c5168
_d5168
020 _a9781861083364
050 _aNC 795 PER 2004
100 _aPercival, Joyce
_eauthor
245 _aSketching landscapes in pen and pencil /
_cJoyce Percival
264 _aU.S.A.:
_bGuild of Master Craftsman Publications ltd,
_c2004
300 _a143p.:
_bill.(col.)
500 _aIncludes index
650 _aSketching skills
942 _2lcc
_cBK
_h795
_iPER
_kMT